| 000 | 01712nam a22003737i 4500 | ||
|---|---|---|---|
| 003 | EG-ScBUE | ||
| 005 | 20260503103202.0 | ||
| 008 | 111122s2003 ua| frb 00| 0 ara dd | ||
| 017 | _a2003 / 7359 | ||
| 040 |
_aEG-ScBUE _bara _erda _cEG-ScBUE _dEG-ScBUE |
||
| 041 | 1 |
_aara _heng |
|
| 082 | 0 | 4 |
_a550 _bع ظ ي _222 |
| 100 | 1 |
_927836 _aعظيموف، إسحاق، _eمؤلف. |
|
| 240 | 1 | 0 |
_aExploring the Earth and Cosmos. _lArabic |
| 245 | 1 | 0 |
_aاستكشاف الأرض والكون : _bتطور المعرفة الإنسانية ومستقبلها / _cتأليف : إسحاق عظيموف ؛ ترجمة وتعليق : هاشم أحمد محمد ؛ مراجعة وتقديم : عبد الرحمن عبد الله الشيخ. |
| 246 | 3 | 4 | _aاستكشاف الأرض والكون |
| 250 | _aالطبعة الأولى. | ||
| 264 | 1 |
_aالقاهرة : _bالمجلس الأعلى للثقافة، _c2003. |
|
| 300 |
_a501 صفحة ؛ _c24 سم. |
||
| 336 |
_2rdacontent _aنص _btxt |
||
| 337 |
_aبدون وسيط _2rdamedia _bn |
||
| 338 |
_aمجلد _bnc _2rdacarrier |
||
| 490 | 0 |
_aالمشروع القومى للترجمة ؛ _v518 |
|
| 504 | _aيشتمل على إرجاعات ببليوجرافية. | ||
| 546 | _aالنص باللغة الإنجليزية ؛ وقد تم ترجمته إلى العربية. | ||
| 650 | 7 |
_922063 _aالجيولوجيا. _2BUEsh |
|
| 650 | 7 |
_927837 _aالأرض _xعلوم. _2BUEsh |
|
| 650 | 7 |
_927838 _aالأرض. _2BUEsh |
|
| 653 | _cNovember2011 | ||
| 655 | _vReading book | ||
| 700 | 1 |
_915391 _aمحمد، هاشم أحمد، _eمترجم، _eمعلق. |
|
| 700 | 1 |
_aالشيخ، عبد الرحمن عبد الله، _eمراجع، _eمقدم. |
|
| 942 |
_2ddc _cBB |
||
| 999 |
_c16245 _d16245 |
||